[Event "XXIII Festival Conca della Presolana A"]
[Site "Bratto - Castione della Presolana ITA"]
[Date "2003.08.27"]
[Round "7"]
[White "Friedrich, Norbert"]
[Black "Dittmar, Peter"]
[Result "1/2-1/2"]
[WhiteElo "2252"]
[BlackElo "2349"]
[PlyCount "32"]
[EventDate "2003.08.21"]

1.e4 e6 2.d4 d5 3.Nd2 c5 4.exd5 Qxd5 5.Ngf3 cxd4 6.Bc4 Qd6 7.O-O Nf6 8.Nb3
Nc6 9.Nbxd4 Nxd4 10.Qxd4 Qxd4 11.Nxd4 a6 12.Rd1 Bd7 13.Be2 e5 14.Nf3 e4 
15.Ne5 Be6 16.Bc4 Bxc4 1/2-1/2

[Event "XXIII Festival Conca della Presolana A"]
[Site "Bratto - Castione della Presolana ITA"]
[Date "2003.08.27"]
[Round "7"]
[White "Galli, Fabio"]
[Black "Garrapa, Gianluigi"]
[Result "1-0"]
[WhiteElo "2086"]
[BlackElo "1909"]
[PlyCount "89"]
[EventDate "2003.08.21"]

1.e4 e5 2.Nf3 Nc6 3.Bb5 a6 4.Bxc6 dxc6 5.O-O Qd6 6.d4 exd4 7.Nxd4 Bd7 8.e5
Qg6 9.Be3 O-O-O 10.Qe2 Nh6 11.a4 Nf5 12.Nxf5 Bxf5 13.Rc1 h5 14.Nc3 h4 15.
Rab1 c5 16.Qc4 h3 17.g3 Bxc2 18.Ra1 Qc6 19.Qg4+ Kb8 20.f3 Bd3 21.b4 c4 22.
b5 Qe6 23.bxa6 Qxg4 24.a7+ Ka8 25.fxg4 c6 26.a5 Bb4 27.Na4 Bxa5 28.Bb6 Bd2
29.Rd1 Bc2 30.Bxd8 Be3+ 31.Kf1 Bxd1 32.Rxd1 b5 33.Nb6+ Kxa7 34.Nc8+ Kb8 
35.Ne7 Kb7 36.Ke2 Bg5 37.Rd7+ Ka6 38.Nxc6 Bxd8 39.Rxd8 Rh6 40.Rd5 Rh8 41.
Nd8 Ka5 42.Nxf7 Rb8 43.Nd8 Ka4 44.e6 c3 45.e7 1-0

[Event "XXIII Festival Conca della Presolana A"]
[Site "Bratto - Castione della Presolana ITA"]
[Date "2003.08.27"]
[Round "7"]
[White "Gosio, Denis"]
[Black "Belotti, Bruno"]
[Result "0-1"]
[WhiteElo "2160"]
[BlackElo "2435"]
[PlyCount "114"]
[EventDate "2003.08.21"]

1.e4 c5 2.Nf3 d6 3.d4 cxd4 4.Nxd4 Nf6 5.Nc3 Nc6 6.Bc4 e6 7.Bb3 a6 8.Be3 
Qc7 9.f4 Na5 10.f5 Nxb3 11.axb3 Bd7 12.fxe6 fxe6 13.O-O Be7 14.Qe2 O-O 15.
Rad1 Rac8 16.Rf2 b5 17.Qd3 Ng4 18.Rxf8+ Rxf8 19.h3 Nxe3 20.Qxe3 Qc5 21.Kh1
Bf6 22.Qd3 Bc8 23.Nf3 Be7 24.Ne2 Bb7 25.Ned4 Rf6 26.c3 b4 27.Re1 bxc3 28.
bxc3 Qc7 29.b4 g6 30.Kg1 e5 31.Nc2 Rf4 32.g3 Rf8 33.Kg2 Rc8 34.Re3 Bf8 35.
h4 Bh6 36.Ng5 Qe7 37.Rf3 Bxg5 38.hxg5 d5 39.Rf6 dxe4 40.Qe3 Qc7 41.Kf2 Qc4
42.Ke1 Qxc3+ 43.Qxc3 Rxc3 44.Kd2 Rd3+ 45.Ke2 Rxg3 46.Rb6 Rg2+ 47.Kd1 Bd5 
48.Ne3 Bb3+ 49.Ke1 Rxg5 50.Rxa6 Rg1+ 51.Kf2 Rb1 52.b5 Bf7 53.b6 h5 54.Ra8+
Kg7 55.Rb8 Rb2+ 56.Kg3 g5 57.b7 Be6 0-1

[Event "XXIII Festival Conca della Presolana A"]
[Site "Bratto - Castione della Presolana ITA"]
[Date "2003.08.27"]
[Round "7"]
[White "Guido, Flavio"]
[Black "Bonazzi, Edoardo"]
[Result "1/2-1/2"]
[WhiteElo "2332"]
[BlackElo "2130"]
[PlyCount "142"]
[EventDate "2003.08.21"]

1.e4 c6 2.d4 d5 3.exd5 cxd5 4.Bd3 Nc6 5.c3 Nf6 6.Bf4 Bg4 7.Qb3 Qd7 8.Nd2 
e6 9.Ngf3 Bxf3 10.Nxf3 Bd6 11.Bxd6 Qxd6 12.Qxb7 Rb8 13.Qa6 O-O 14.Rb1 Rb6 
15.Qa4 e5 16.dxe5 Nxe5 17.Nxe5 Qxe5+ 18.Kf1 Re8 19.g3 Ne4 20.Kg2 Nxf2 21.
Rhe1 Ne4 22.Qxa7 Rh6 23.Qe3 Qh5 24.h4 f5 25.Qf3 Qg6 26.Qf4 Qc6 27.Rbd1 Rg6
28.Bxe4 fxe4 29.Rf1 Rf6 30.Qe3 Ref8 31.Rf4 Rxf4 32.gxf4 Qa4 33.Rxd5 Qxa2 
34.Rd2 Qe6 35.Qg3 e3 36.Re2 Re8 37.Qf3 Qg6+ 38.Kh2 Qd3 39.c4 Qxc4 40.Rxe3 
Qc2+ 41.Kg3 Qg6+ 42.Kf2 Rd8 43.Re2 Qf6 44.Qg4 Qd4+ 45.Kg2 Qd5+ 46.Kh2 Rb8 
47.Qg5 Qd4 48.Qe5 Qd8 49.Kh3 h6 50.Rd2 Qc8+ 51.f5 Rb3+ 52.Kg4 Rb6 53.Qd5+ 
Kh7 54.Qe4 Rb3 55.Qe6 Qb8 56.Qg6+ Kh8 57.Kh5 Qa8 58.Re2 Qf3+ 59.Qg4 Qxg4+ 
60.Kxg4 Kg8 61.Kf4 Kf7 62.Ke5 Rb5+ 63.Kd4 Rxf5 64.b4 g5 65.hxg5 hxg5 66.
Kc4 Kg6 67.b5 g4 68.b6 Kg5 69.b7 Rf8 70.Rb2 Rb8 71.Kd4 Kf4 1/2-1/2

[Event "XXIII Festival Conca della Presolana A"]
[Site "Bratto - Castione della Presolana ITA"]
[Date "2003.08.27"]
[Round "7"]
[White "Isonzo, David"]
[Black "Shytaj, Carlo"]
[Result "1-0"]
[WhiteElo "2347"]
[BlackElo "2150"]
[PlyCount "63"]
[EventDate "2003.08.21"]

1.e4 Nf6 2.e5 Nd5 3.d4 d6 4.c4 Nb6 5.exd6 cxd6 6.Nc3 g6 7.Be3 Bg7 8.Rc1 
O-O 9.b3 e5 10.dxe5 dxe5 11.c5 N6d7 12.Bc4 Nc6 13.Nf3 Qa5 14.O-O Nf6 15.
Ng5 Bf5 16.Nb5 h6 17.b4 Qxb4 18.Bd2 Rad8 19.Bxb4 Rxd1 20.Rfxd1 hxg5 21.Bd2
Ne4 22.Be3 a6 23.Nd6 Nxd6 24.cxd6 Bd7 25.Bxg5 Rc8 26.Bd5 Kf8 27.Rb1 b5 28.
Rbc1 Nd4 29.Rxc8+ Bxc8 30.Kf1 Ke8 31.Rc1 Be6 32.Rc7 1-0

[Event "XXIII Festival Conca della Presolana A"]
[Site "Bratto - Castione della Presolana ITA"]
[Date "2003.08.27"]
[Round "7"]
[White "Lalic, Bogdan"]
[Black "Khenkin, Igor"]
[Result "1/2-1/2"]
[WhiteElo "2503"]
[BlackElo "2638"]
[PlyCount "33"]
[EventDate "2003.08.21"]

1.e4 c6 2.d4 d5 3.exd5 cxd5 4.c4 Nf6 5.Nc3 Nc6 6.Nf3 Bg4 7.cxd5 Nxd5 8.Qb3
Bxf3 9.gxf3 e6 10.Qxb7 Nxd4 11.Bb5+ Nxb5 12.Qc6+ Ke7 13.Qxb5 Qd7 14.Bg5+ 
f6 15.Nxd5+ Qxd5 16.Qxd5 exd5 17.Be3 1/2-1/2

[Event "XXIII Festival Conca della Presolana A"]
[Site "Bratto - Castione della Presolana ITA"]
[Date "2003.08.27"]
[Round "7"]
[White "Lanzani, Giuliano"]
[Black "Castelfranchi, Carlo"]
[Result "0-1"]
[WhiteElo "2092"]
[BlackElo "2165"]
[PlyCount "106"]
[EventDate "2003.08.21"]

1.e4 Nf6 2.e5 Nd5 3.g3 d6 4.exd6 exd6 5.Bg2 Nf6 6.d4 Be7 7.d5 O-O 8.Ne2 c5
9.a4 Re8 10.O-O Na6 11.Na3 Bf5 12.c3 Be4 13.Nf4 Qd7 14.Nh5 Bxg2 15.Nxf6+ 
Bxf6 16.Kxg2 Nc7 17.Nc4 Be5 18.f4 Bf6 19.Ne3 Re4 20.a5 Rae8 21.Qd3 c4 22.
Nxc4 Qb5 23.b3 Nxd5 24.Ne5 Qxd3 25.Nxd3 Bxc3 26.Ra2 Ne3+ 27.Bxe3 Rxe3 28.
Rf3 Re2+ 29.Rf2 Rxf2+ 30.Nxf2 f5 31.a6 Rb8 32.Nd1 Bd4 33.Ra5 g6 34.Rd5 Bc5
35.axb7 Rxb7 36.Rd3 Rb4 37.Nb2 Rd4 38.Rxd4 Bxd4 39.Nc4 Bc5 40.Kf3 Kf7 41.
h3 Ke6 42.Ke2 Kd5 43.Kd3 h5 44.Nd2 Bf2 45.Nf1 a5 46.Ke2 Bg1 47.Kd3 Kc5 48.
h4 Kb4 49.Kc2 d5 50.Kb2 d4 51.Kc2 Bf2 52.Kb2 d3 53.Ka2 Bxg3 0-1

[Event "XXIII Festival Conca della Presolana A"]
[Site "Bratto - Castione della Presolana ITA"]
[Date "2003.08.27"]
[Round "7"]
[White "Lanzani, Mario"]
[Black "Satta, Vladimiro"]
[Result "1-0"]
[WhiteElo "2355"]
[BlackElo "2242"]
[PlyCount "81"]
[EventDate "2003.08.21"]

1.e4 e6 2.d4 d5 3.Nc3 Nf6 4.Bg5 Be7 5.e5 Nfd7 6.h4 Bxg5 7.hxg5 Qxg5 8.Nh3 
Qe7 9.Nf4 Nc6 10.Qg4 g6 11.O-O-O Nb6 12.Bb5 Bd7 13.Rh6 O-O-O 14.Bxc6 Bxc6 
15.Rdh1 Qb4 16.Nd3 Qa5 17.Rxh7 Rxh7 18.Rxh7 Be8 19.Rh8 Na4 20.Nxa4 Qxa4 
21.a3 b6 22.Qh4 Qd7 23.Rf8 Kb7 24.Qg5 Rc8 25.Kb1 a5 26.Qd2 Qe7 27.Rh8 Bb5 
28.Rxc8 Kxc8 29.Ne1 Qh4 30.b3 a4 31.bxa4 Bxa4 32.Kb2 Kd8 33.Nf3 Qg4 34.Ng5
Be8 35.f3 Qg3 36.Nh7 Qh4 37.Nf6 Qh8 38.Qb4 Bc6 39.a4 Qg7 40.a5 bxa5 41.
Qb8+ 1-0

[Event "XXIII Festival Conca della Presolana A"]
[Site "Bratto - Castione della Presolana ITA"]
[Date "2003.08.27"]
[Round "7"]
[White "Lapiccirella, Daniele"]
[Black "Capone, Vincenzo"]
[Result "1/2-1/2"]
[WhiteElo "2087"]
[BlackElo "2133"]
[PlyCount "31"]
[EventDate "2003.08.21"]

1.d4 Nf6 2.c4 c5 3.dxc5 e6 4.Nf3 Bxc5 5.Nc3 O-O 6.e3 b6 7.Be2 Bb7 8.O-O d5
9.cxd5 Nxd5 10.Bd2 Nd7 11.a3 Rc8 12.Rc1 Bd6 13.Nxd5 Bxd5 14.Rxc8 Qxc8 15.
Bc3 Be7 16.Qa4 1/2-1/2

[Event "XXIII Festival Conca della Presolana A"]
[Site "Bratto - Castione della Presolana ITA"]
[Date "2003.08.27"]
[Round "7"]
[White "Leoni, Fabrizio"]
[Black "Guidi, Maurizio"]
[Result "0-1"]
[WhiteElo "2102"]
[BlackElo "1936"]
[PlyCount "59"]
[EventDate "2003.08.21"]

1.d4 Nf6 2.Nf3 g6 3.Nc3 c5 4.e4 cxd4 5.Nxd4 Nc6 6.Nb3 Bg7 7.Be2 O-O 8.Be3 
d6 9.g4 d5 10.exd5 Nb4 11.Bf3 Bxg4 12.Bxg4 Nxg4 13.Qxg4 Nxc2+ 14.Ke2 Nxa1 
15.Rxa1 Bxc3 16.bxc3 Qxd5 17.Rd1 Qb5+ 18.c4 Qa4 19.Rd7 b5 20.Nd2 bxc4 21.
Qd4 Qb5 22.Rd5 Qa6 23.Ne4 c3+ 24.Kf3 Qe6 25.Kg3 h5 26.h3 f6 27.Nxc3 Rac8 
28.Ne4 a6 29.Bh6 Rf7 30.Bd2 0-1

[Event "XXIII Festival Conca della Presolana A"]
[Site "Bratto - Castione della Presolana ITA"]
[Date "2003.08.27"]
[Round "7"]
[White "Lovati, Paolo"]
[Black "Bresciani, Nicola"]
[Result "0-1"]
[WhiteElo "2089"]
[BlackElo "2285"]
[PlyCount "72"]
[EventDate "2003.08.21"]

1.c4 Nf6 2.g3 c5 3.Bg2 e6 4.Nh3 Nc6 5.O-O Be7 6.d3 O-O 7.Nc3 a6 8.b3 Qc7 
9.Bb2 b6 10.e3 Rb8 11.g4 h6 12.f4 Nh7 13.Ne2 Bb7 14.Ng3 d6 15.Rc1 Nb4 16.
Bxb7 Qxb7 17.a3 Nc6 18.Rc2 b5 19.Ne4 bxc4 20.bxc4 d5 21.cxd5 exd5 22.Nxc5 
Bxc5 23.Rxc5 Qxb2 24.Rxc6 Qxa3 25.Nf2 Rb2 26.Qc1 Rfb8 27.Qc5 Qa2 28.Rc8+ 
Rxc8 29.Qxc8+ Nf8 30.f5 f6 31.e4 dxe4 32.dxe4 a5 33.Qc5 a4 34.Rd1 Rb1 35.
Kf1 a3 36.Ke1 Qb3 0-1

[Event "XXIII Festival Conca della Presolana A"]
[Site "Bratto - Castione della Presolana ITA"]
[Date "2003.08.27"]
[Round "7"]
[White "Luchsinger, Eric"]
[Black "Guglielmi, Giuseppe"]
[Result "1-0"]
[WhiteElo "2094"]
[BlackElo "1991"]
[PlyCount "110"]
[EventDate "2003.08.21"]

1.c4 c5 2.g3 g6 3.Bg2 Bg7 4.Nc3 Nf6 5.a3 Nc6 6.Rb1 a5 7.Nf3 O-O 8.O-O e5 
9.Ne1 d6 10.d3 Be6 11.Bg5 h6 12.Bxf6 Bxf6 13.Nc2 Bg7 14.b4 Rb8 15.bxc5 
dxc5 16.Rb5 Nd4 17.Nxd4 cxd4 18.Nd5 Bd7 19.Rb6 Bc6 20.Qb3 Kh8 21.Rb1 f5 
22.Ne7 Qxe7 23.Bxc6 e4 24.Bd5 e3 25.f4 g5 26.Re6 Qc5 27.Qb6 Qxb6 28.Rbxb6 
gxf4 29.gxf4 Rf7 30.c5 Bf8 31.c6 bxc6 32.Rxb8 cxd5 33.Ra6 Kh7 34.Rxa5 Bd6 
35.Rb1 Rg7+ 36.Kh1 Bxf4 37.Rxd5 Rg5 38.Rg1 Rh5 39.Rg2 Bg5 40.Rxf5 Kg6 41.
Rf4 Kg7 42.Kg1 Kh7 43.Rxd4 Bh4 44.Rd7+ Kh8 45.Rg4 Bf2+ 46.Kg2 Ra5 47.a4 
Rf5 48.Rc4 Rf8 49.Rc6 Be1 50.Rxh6+ Kg8 51.Rg6+ Kh8 52.Kh3 Rf4 53.Rg4 Rf2 
54.Rd5 Rf7 55.Rh5+ Rh7 1-0

[Event "XXIII Festival Conca della Presolana A"]
[Site "Bratto - Castione della Presolana ITA"]
[Date "2003.08.27"]
[Round "7"]
[White "Maccagno, Giancarlo"]
[Black "Volpinari, Danilo"]
[Result "1/2-1/2"]
[WhiteElo "2133"]
[BlackElo "2050"]
[PlyCount "55"]
[EventDate "2003.08.21"]

1.e4 e5 2.Bc4 Bc5 3.Nc3 Nf6 4.d3 c6 5.Nf3 d6 6.O-O O-O 7.a3 a5 8.Qe2 Nbd7 
9.Nd1 Ba7 10.Be3 Nc5 11.b4 Ne6 12.Bxa7 Rxa7 13.Ne3 Nf4 14.Qd2 Be6 15.Bxe6 
Nxe6 16.Nc4 a4 17.Qe3 Ra6 18.g3 b5 19.Ncd2 Qb6 20.Qxb6 Rxb6 21.Rac1 c5 22.
Rb1 Rfb8 23.Rb2 Nd7 24.Rfb1 cxb4 25.Rxb4 Nec5 26.Kf1 f6 27.Ke2 Kf7 28.c4 
1/2-1/2

[Event "XXIII Festival Conca della Presolana A"]
[Site "Bratto - Castione della Presolana ITA"]
[Date "2003.08.27"]
[Round "7"]
[White "Manzoni, Alessandro"]
[Black "Agnelli, Francesco"]
[Result "0-1"]
[WhiteElo "2034"]
[BlackElo "2102"]
[PlyCount "74"]
[EventDate "2003.08.21"]

1.e4 c5 2.Nc3 Nc6 3.g3 g6 4.Bg2 Bg7 5.Nge2 d6 6.O-O Nh6 7.d3 f5 8.Rb1 O-O 
9.Bg5 Kh8 10.Qd2 Nf7 11.Be3 fxe4 12.Nxe4 Nce5 13.f3 Bd7 14.c3 Qc8 15.Ng5 
Nh6 16.h3 Nf5 17.Bf2 c4 18.Nc1 cxd3 19.b3 h6 20.Ne4 d5 21.Nxd3 Nxd3 22.
Qxd3 dxe4 23.fxe4 Nd6 24.Bd4 Bc6 25.g4 Qe6 26.Rbe1 Be5 27.Qg3 Rxf1+ 28.
Rxf1 Bxd4+ 29.cxd4 Nxe4 30.Qh4 g5 31.Qe1 Rd8 32.Rf5 Rxd4 33.Qa1 Qd6 34.h4 
e5 35.Bf3 Ng3 36.Qc3 Nxf5 37.gxf5 Rxh4 0-1

[Event "XXIII Festival Conca della Presolana A"]
[Site "Bratto - Castione della Presolana ITA"]
[Date "2003.08.27"]
[Round "7"]
[White "Mazzariol, Oscar"]
[Black "Pagnoncelli, Marco"]
[Result "0-1"]
[WhiteElo "2049"]
[BlackElo "2116"]
[PlyCount "140"]
[EventDate "2003.08.21"]

1.d4 Nf6 2.c4 c5 3.d5 b5 4.cxb5 a6 5.Nc3 d6 6.e4 g6 7.Qc2 Bg7 8.Nf3 O-O 9.
a4 Nbd7 10.Ra3 Ng4 11.Be2 axb5 12.axb5 Bb7 13.O-O Qc7 14.Nd2 Ngf6 15.Nc4 
Nb6 16.Na5 Nbxd5 17.Nxb7 Nxc3 18.Rxc3 Qxb7 19.Bf3 Nd7 20.e5 d5 21.Rd1 e6 
22.Bf4 Qxb5 23.h4 Rab8 24.Rb1 Rfc8 25.h5 Bxe5 26.Bxe5 Nxe5 27.Be2 c4 28.h6
d4 29.Ra3 f6 30.f4 d3 31.Qc3 Qc5+ 32.Kh1 dxe2 33.Ra5 Qb4 34.Qxb4 Rxb4 35.
fxe5 Rxb2 36.Re1 Rd8 37.Kg1 Rbd2 38.Rc5 fxe5 39.Kf2 Kf7 40.Rxc4 R8d7 41.
Rxe2 Rxe2+ 42.Kxe2 Kf6 43.Rc5 Kf5 44.Ke3 Ra7 45.g3 Ra3+ 46.Kf2 Ra2+ 47.Kg1
Ra7 48.Kg2 Re7 49.Rc1 Kg5 50.Rh1 Rf7 51.Rh4 Rf5 52.Re4 Kxh6 53.g4 Rf4 54.
Rxe5 Rxg4+ 55.Kh3 Ra4 56.Rxe6 Kh5 57.Re5+ g5 58.Kg3 Ra3+ 59.Kg2 Kh4 60.
Re4+ g4 61.Rb4 h5 62.Rb2 Rg3+ 63.Kh2 Rf3 64.Kg2 Rf5 65.Rb8 Ra5 66.Rb2 Kg5 
67.Rc2 h4 68.Rb2 h3+ 69.Kh2 Kh4 70.Rb3 g3+ 0-1

[Event "XXIII Festival Conca della Presolana A"]
[Site "Bratto - Castione della Presolana ITA"]
[Date "2003.08.27"]
[Round "7"]
[White "Orsi, Massimiliano"]
[Black "Zoldan, Matteo"]
[Result "1/2-1/2"]
[WhiteElo "2046"]
[BlackElo "2104"]
[PlyCount "24"]
[EventDate "2003.08.21"]

1.e4 c5 2.Nf3 d6 3.d4 cxd4 4.Nxd4 Nf6 5.Nc3 e6 6.g4 e5 7.Nf5 h5 8.Bg5 hxg4
9.Bb5+ Nc6 10.Qd2 a6 11.Be2 Bxf5 12.exf5 Be7 1/2-1/2

[Event "XXIII Festival Conca della Presolana A"]
[Site "Bratto - Castione della Presolana ITA"]
[Date "2003.08.27"]
[Round "7"]
[White "Paoli, Enrico"]
[Black "Tirrito, Luca"]
[Result "0-1"]
[WhiteElo "1950"]
[BlackElo "2036"]
[PlyCount "68"]
[EventDate "2003.08.21"]

1.e4 e5 2.Nf3 d6 3.c3 Nf6 4.Be2 Nc6 5.d3 Be7 6.Nbd2 O-O 7.Nf1 d5 8.Ng3 
dxe4 9.dxe4 Qxd1+ 10.Bxd1 a6 11.h3 h6 12.Be3 Be6 13.Bb3 Bxb3 14.axb3 Rfd8 
15.Ke2 Bf8 16.Rhd1 g6 17.Rd2 Rxd2+ 18.Nxd2 b5 19.b4 Nd7 20.Rd1 Nb6 21.Bxb6
cxb6 22.Ndf1 a5 23.bxa5 bxa5 24.Ne3 b4 25.Nd5 bxc3 26.bxc3 a4 27.Ra1 a3 
28.Ra2 Na5 29.Kd3 Nb3 30.Ne2 Nc5+ 31.Ke3 Na4 32.Nf6+ Kg7 33.Nd7 Bd6 34.Rd2
Nb2 0-1

[Event "XXIII Festival Conca della Presolana A"]
[Site "Bratto - Castione della Presolana ITA"]
[Date "2003.08.27"]
[Round "7"]
[White "Passoni, Carlo"]
[Black "Tatai, Stefano"]
[Result "0-1"]
[WhiteElo "2246"]
[BlackElo "2343"]
[PlyCount "88"]
[EventDate "2003.08.21"]

1.Nf3 Nf6 2.g3 b6 3.Bg2 Bb7 4.O-O c5 5.c4 g6 6.Nc3 Bg7 7.d3 O-O 8.Bd2 Nc6 
9.a3 d5 10.cxd5 Nxd5 11.Rc1 Nc7 12.Qa4 Rb8 13.b4 Ne6 14.Ng5 Ncd4 15.Nxe6 
Nxe6 16.Bxb7 Rxb7 17.Ne4 Nd4 18.Rfe1 f5 19.Nc3 b5 20.Qd1 c4 21.dxc4 bxc4 
22.Be3 Nb3 23.Qxd8 Rxd8 24.Rc2 a5 25.bxa5 Nxa5 26.Na4 c3 27.Nc5 Rb2 28.
Rxb2 cxb2 29.Ne6 Rb8 30.Rb1 Nc4 31.Nxg7 Nxa3 32.Rxb2 Rxb2 33.Ne6 Rxe2 34.
Nf4 Re1+ 35.Kg2 Nc4 36.Bc5 Kf7 37.h4 e5 38.Nh3 h6 39.Ng1 e4 40.Nh3 Ne5 41.
Ng1 g5 42.hxg5 hxg5 43.Be3 Kg6 44.Nh3 Nf3 0-1

[Event "XXIII Festival Conca della Presolana A"]
[Site "Bratto - Castione della Presolana ITA"]
[Date "2003.08.27"]
[Round "7"]
[White "Pedemonte, Claudio"]
[Black "Podini, Francesco"]
[Result "0-1"]
[WhiteElo "1974"]
[BlackElo "2041"]
[PlyCount "70"]
[EventDate "2003.08.21"]

1.c4 e5 2.g3 Nc6 3.Bg2 g6 4.e4 Bg7 5.Ne2 d6 6.Nbc3 Be6 7.d3 Qd7 8.O-O h5 
9.h4 Nh6 10.Nd5 f6 11.Bd2 O-O 12.b4 Nd8 13.Qc1 Kh7 14.a4 c6 15.Ndc3 f5 16.
f4 Ng4 17.Ra3 Nf7 18.Nd1 d5 19.c5 dxe4 20.dxe4 Rad8 21.Be3 Nfh6 22.Nb2 
Nxe3 23.Rd3 Qxd3 24.Nxd3 Rxd3 25.Re1 Rfd8 26.Nc3 Nxg2 27.Kxg2 exf4 28.exf5
Rxc3 29.fxg6+ Kh8 30.Qxf4 Rc2+ 31.Kf1 Bc4+ 32.Kg1 Bd4+ 33.Kh1 Bd5+ 34.Re4 
Ng4 35.g7+ Kg8 0-1

[Event "XXIII Festival Conca della Presolana A"]
[Site "Bratto - Castione della Presolana ITA"]
[Date "2003.08.27"]
[Round "7"]
[White "Pegoraro, Nicola"]
[Black "Osuna Munoz, Xavier"]
[Result "1-0"]
[WhiteElo "2061"]
[BlackElo "2097"]
[PlyCount "67"]
[EventDate "2003.08.21"]

1.e4 c5 2.Nf3 e6 3.d4 cxd4 4.Nxd4 a6 5.c4 Qc7 6.Be2 Nf6 7.Nc3 Bb4 8.O-O 
Nc6 9.Nxc6 bxc6 10.Bd2 Rb8 11.Rc1 O-O 12.Nb5 Qa5 13.Bf4 Rb7 14.a3 Be7 15.
b4 Qd8 16.Nd6 Ra7 17.Qd4 Ra8 18.Rfd1 c5 19.bxc5 Ne8 20.Rb1 a5 21.Rb6 Ba6 
22.Rdb1 Nxd6 23.Bxd6 f6 24.Bf3 Bxd6 25.Rxd6 Qc8 26.Rxd7 Rb8 27.Rd1 Bb7 28.
Qd6 Re8 29.Bg4 Qc6 30.Bxe6+ Rxe6 31.Qxb8+ Bc8 32.Rd8+ Re8 33.Rxe8+ Qxe8 
34.Qc7 1-0

[Event "XXIII Festival Conca della Presolana A"]
[Site "Bratto - Castione della Presolana ITA"]
[Date "2003.08.27"]
[Round "7"]
[White "Piantoni, Roberto"]
[Black "Marta, Daniele"]
[Result "1-0"]
[WhiteElo "2157"]
[BlackElo "2118"]
[PlyCount "59"]
[EventDate "2003.08.21"]

1.d4 Nf6 2.Bg5 e6 3.e4 d5 4.e5 h6 5.Be3 Nfd7 6.c3 c5 7.Nf3 b6 8.Be2 Ba6 9.
O-O Bxe2 10.Qxe2 Nc6 11.c4 cxd4 12.cxd5 d3 13.Qxd3 Ndxe5 14.Nxe5 Nxe5 15.
Qb5+ Qd7 16.Qxd7+ Kxd7 17.Nc3 exd5 18.Rfd1 Ke6 19.Rxd5 Be7 20.Re1 f6 21.f4
Bb4 22.Rdd1 Nc6 23.Bc5+ Kf7 24.Rd7+ Kg6 25.Bxb4 Nxb4 26.f5+ Kxf5 27.Rxg7 
h5 28.Ne4 h4 29.Nd6+ Kf4 30.Re4# 1-0

[Event "XXIII Festival Conca della Presolana A"]
[Site "Bratto - Castione della Presolana ITA"]
[Date "2003.08.27"]
[Round "7"]
[White "Qendro, Llambi"]
[Black "Bentivegna, Francesco"]
[Result "1-0"]
[WhiteElo "2370"]
[BlackElo "2165"]
[PlyCount "59"]
[EventDate "2003.08.21"]

1.d4 Nf6 2.c4 g6 3.Nc3 Bg7 4.e4 d6 5.f3 O-O 6.Bg5 a6 7.Qd2 c5 8.d5 b5 9.
cxb5 Qa5 10.bxa6 Bxa6 11.Bxa6 Qxa6 12.Nge2 Nbd7 13.O-O Rfb8 14.Rab1 Rb7 
15.Rfd1 Rab8 16.b3 Rb4 17.h3 c4 18.Nd4 cxb3 19.Nc6 bxa2 20.Rxb4 a1=Q 21.
Nxb8 Qa7+ 22.Be3 Ng4 23.Rxa1 Qxa1+ 24.Rb1 Bxc3 25.Rxa1 Bxd2 26.Bxd2 Nxb8 
27.hxg4 Nd7 28.Bh6 f6 29.Ra8+ Kf7 30.Rd8 1-0

[Event "XXIII Festival Conca della Presolana A"]
[Site "Bratto - Castione della Presolana ITA"]
[Date "2003.08.27"]
[Round "7"]
[White "Radice, Luca"]
[Black "Muscolino, Attilio"]
[Result "0-1"]
[WhiteElo "2092"]
[BlackElo "2155"]
[PlyCount "90"]
[EventDate "2003.08.21"]

1.d4 Nf6 2.c4 g6 3.Nc3 Bg7 4.e4 d6 5.f3 O-O 6.Bg5 b6 7.Qd2 c5 8.d5 e6 9.h4
a6 10.h5 exd5 11.Nxd5 Be6 12.Bd3 Nc6 13.Ne2 Ne5 14.hxg6 fxg6 15.Nef4 Bxd5 
16.Nxd5 Ra7 17.O-O Rb7 18.a4 Kh8 19.Be2 Nf7 20.Bh4 Nxe4 21.Bxd8 Nxd2 22.
Rfd1 Nb3 23.Be7 Re8 24.Ra3 Rbxe7 25.Nxe7 Rxe7 26.Rxb3 Rxe2 27.Rxb6 Bd4+ 
28.Kh1 Rxb2 29.Rxa6 Kg7 30.a5 Ra2 31.Ra8 Ne5 32.a6 Nxc4 33.Rb1 Be5 34.g4 
Kh6 35.a7 Nd2 36.g5+ Kxg5 37.Rg1+ Kh6 38.Kg2 Ne4+ 39.Kf1 Ng3+ 40.Ke1 Bc3+ 
41.Kd1 Nf5 42.Rh1+ Kg7 43.Re8 Rxa7 44.Kc2 Bf6 45.Kd3 d5 0-1

[Event "XXIII Festival Conca della Presolana A"]
[Site "Bratto - Castione della Presolana ITA"]
[Date "2003.08.27"]
[Round "7"]
[White "Ranieri, Fabrizio"]
[Black "Shytaj, Luca"]
[Result "0-1"]
[WhiteElo "2170"]
[BlackElo "2336"]
[PlyCount "66"]
[EventDate "2003.08.21"]

1.e4 c5 2.Nf3 d6 3.d4 cxd4 4.Nxd4 Nf6 5.Nc3 a6 6.f4 e5 7.Nf3 Qc7 8.a4 Be7 
9.Bd3 O-O 10.O-O Nc6 11.Kh1 exf4 12.Bxf4 Ne5 13.Qe1 Be6 14.Nd4 Rac8 15.
Bxe5 dxe5 16.Nf5 Bxf5 17.Rxf5 Bb4 18.Qg3 Bxc3 19.bxc3 Nd7 20.Rb1 g6 21.h4 
Qxc3 22.h5 Rc6 23.Rb3 Qd4 24.Rxb7 Nc5 25.Rb1 Nxe4 26.Bxe4 Qxe4 27.Rxe5 
Qxc2 28.Qb3 Qf2 29.Rd1 Rc2 30.Qh3 Rc4 31.g4 Qf4 32.Ra5 Rxa4 33.Rad5 Re8 
0-1

[Event "XXIII Festival Conca della Presolana A"]
[Site "Bratto - Castione della Presolana ITA"]
[Date "2003.08.27"]
[Round "7"]
[White "Ricci, Alfredo"]
[Black "Caruso, Augusto"]
[Result "0-1"]
[WhiteElo "2037"]
[BlackElo "2247"]
[PlyCount "52"]
[EventDate "2003.08.21"]

1.e4 e5 2.Nf3 Nc6 3.Nc3 Nf6 4.d4 exd4 5.Nxd4 Bb4 6.Nxc6 bxc6 7.Qd4 Qe7 8.
Bd3 Bc5 9.Qa4 Rb8 10.O-O Rb4 11.Qa5 Qe5 12.Kh1 Ng4 13.g3 d6 14.a3 Rb6 15.
Kg2 Qe6 16.Ne2 Ne5 17.Ng1 h5 18.Qe1 h4 19.f4 Nxd3 20.cxd3 Ba6 21.f5 Qf6 
22.Rf3 Rb3 23.Qd1 Qd4 24.Ne2 h3+ 25.Kf1 Rxd3 26.Nxd4 Rxd1+ 0-1

[Event "XXIII Festival Conca della Presolana A"]
[Site "Bratto - Castione della Presolana ITA"]
[Date "2003.08.27"]
[Round "7"]
[White "Rigamonti, Stefano"]
[Black "De Vita, Igor"]
[Result "0-1"]
[WhiteElo "1905"]
[BlackElo "2158"]
[PlyCount "124"]
[EventDate "2003.08.21"]

1.e4 c5 2.Nf3 Nc6 3.d4 cxd4 4.Nxd4 e5 5.Nb5 d6 6.c4 Be7 7.Be3 Be6 8.Nd2 
Nf6 9.Be2 O-O 10.O-O Ne8 11.Nc3 Bg5 12.Nd5 Bxe3 13.Nxe3 Qb6 14.b3 Nf6 15.
Ng4 Bxg4 16.Bxg4 Qd4 17.Bf3 a5 18.Re1 Nd7 19.Nf1 a4 20.Ng3 axb3 21.axb3 
Nc5 22.Nf5 Rxa1 23.Qxa1 Qxa1 24.Rxa1 Rd8 25.Rd1 g6 26.Rxd6 gxf5 27.Rxd8+ 
Nxd8 28.exf5 Nxb3 29.g4 h6 30.Bd5 Kf8 31.Kg2 Nc5 32.h4 f6 33.f4 exf4 34.
Kf3 b6 35.Kxf4 Nf7 36.Ke3 Ne5 37.Kf4 Ncd3+ 38.Ke3 Nb2 39.Kd4 Nxg4 40.c5 
bxc5+ 41.Kxc5 Ke7 42.Kd4 Kd6 43.Bb3 Ne5 44.Kc3 Nbd3 45.Kd4 Nc5 46.Bd1 Nc6+
47.Kc4 Nd7 48.Kd3 Ke5 49.Bf3 Nd4 50.Bd1 Nxf5 51.Bg4 Kf4 52.Bh3 Ne5+ 53.Ke2
Nxh4 54.Kf2 f5 55.Bf1 Nhf3 56.Ba6 h5 57.Kg2 Ng5 58.Be2 h4 59.Kh2 Ng4+ 60.
Kh1 Ke3 61.Bb5 Kf2 62.Bd7 Ne4 0-1

[Event "XXIII Festival Conca della Presolana A"]
[Site "Bratto - Castione della Presolana ITA"]
[Date "2003.08.27"]
[Round "7"]
[White "Rombaldoni, Andrea"]
[Black "Drabke, Lorenz Maximilian"]
[Result "0-1"]
[WhiteElo "2259"]
[BlackElo "2448"]
[PlyCount "80"]
[EventDate "2003.08.21"]

1.e4 c5 2.Nf3 e6 3.d4 cxd4 4.Nxd4 a6 5.Nc3 b5 6.Bd3 Qb6 7.Nb3 Qc7 8.Qf3 
Bb7 9.O-O Nf6 10.Re1 d6 11.Bg5 Be7 12.Rad1 O-O 13.Qh3 e5 14.Nd5 Nxd5 15.
exd5 g6 16.Bxe7 Qxe7 17.c4 bxc4 18.Bxc4 Qc7 19.Rc1 Qb6 20.Rc3 Ra7 21.Qh6 
Ba8 22.h4 Nd7 23.Nd2 Nf6 24.Rf3 Qd8 25.Qe3 Rc7 26.Qd3 a5 27.a4 Kg7 28.b3 
Bb7 29.Ne4 Nxe4 30.Qxe4 f5 31.Qe3 Rc5 32.Qd2 f4 33.g3 Bc8 34.Rc3 Qb6 35.
Kg2 Qc7 36.Rh1 Bb7 37.Rd1 Bxd5+ 38.Bxd5 Rxc3 39.Bc4 Qc6+ 40.Bd5 Qc5 0-1